00309nam a2200109Ia 4500008004100000082001300041100002000054245006300074250000800137260004500145300000900190191201s2012 xx 000 0 und d a670bRAC aRAGHUWANSHI, BS 0aCourse in Workshop Technology Manufacturing Process Vol-II aRep c2012bDhanpat Rai Pub (P) LtdaNew Delhi a1001